000
00275nam a2200109Ia 4500
008
190216s9999||||xx |||||||||||||| ||und||
100
_a
Balagangadara Thilakan
245
0
_a
Geetha Rehasyam 1 11 111
260
_b
Pangam Vasudevan Namboodiri
650
_a
Padanam
942
_c
BK
999
_c
25228
_d
25228